00376nam a2200133 a 450000500170000000800410001702000180005805000180007610000190009424500560011325000200016926000350018944000180022420140414132106.0100902s19uu xx 00 eng d a9780439934428 aFICbM46 2005 aMeadows, Daisy aJoy the summer vvacation fairy /cby Daisy Meadows. aSpecial edition aNew York :bScholastic,c2005. aRainbow magic